The story of Christopher Columbus / (Record no. 9292)

MARC details
000 -LEADER
fixed length control field 00903nam a22002777a 4500
001 - CONTROL NUMBER
control field 9292
003 - CONTROL NUMBER IDENTIFIER
control field FISKH
005 - DATE AND TIME OF LATEST TRANSACTION
control field 20251209104924.0
008 - FIXED-LENGTH DATA ELEMENTS--GENERAL INFORMATION
fixed length control field 251209b cb ||||| |||| 00| 0 eng d
020 ## - INTERNATIONAL STANDARD BOOK NUMBER
International Standard Book Number 9780789478788
040 ## - CATALOGING SOURCE
Original cataloging agency FISKH
Language of cataloging eng
Transcribing agency FISKH
Modifying agency FISKH
050 ## - LIBRARY OF CONGRESS CALL NUMBER
Classification number E111 .G224
082 ## - DEWEY DECIMAL CLASSIFICATION NUMBER
Classification number 970.01
100 ## - MAIN ENTRY--PERSONAL NAME
Personal name Ganeri, Anita
245 ## - TITLE STATEMENT
Title The story of Christopher Columbus /
Statement of responsibility, etc. Anita Ganeri
260 ## - PUBLICATION, DISTRIBUTION, ETC.
Place of publication, distribution, etc. New York :
Name of publisher, distributor, etc. A Dorling Kindersley Book,
Date of publication, distribution, etc. 2001.
300 ## - PHYSICAL DESCRIPTION
Extent 32 pages :
Other physical details color illustrations ;
Dimensions 23 cm
490 ## - SERIES STATEMENT
Series statement Dorling Kindersley Readers :
Volume/sequential designation Beginning to read alone 2.
505 ## - FORMATTED CONTENTS NOTE
Formatted contents note Q<br/>
520 ## - SUMMARY, ETC.
Summary, etc. Tells the story of how Christopher Columbus set out on a voyage to the Indies in 1492 and instead landed in America.
521 8# - TARGET AUDIENCE NOTE
Target audience note 660<br/>
Source Lexile<br/>
521 8# - TARGET AUDIENCE NOTE
Target audience note Q<br/>
Source Raz-Plus<br/>
650 ## - SUBJECT ADDED ENTRY--TOPICAL TERM
Topical term or geographic name entry element Social studies
Form subdivision Explorer
General subdivision Biographies
942 ## - ADDED ENTRY ELEMENTS (KOHA)
Source of classification or shelving scheme Dewey Decimal Classification
Koha item type Books
Suppress in OPAC No
Holdings
Withdrawn status Lost status Source of classification or shelving scheme Damaged status Not for loan Collection Home library Current library Shelving location Date acquired Total Checkouts Full call number Barcode Date last seen Price effective from Koha item type
    Dewey Decimal Classification     Non-Fiction Footprints International School Library Network Toul Tom Poung Campus Footprints International School Library Network Toul Kork Campus TTP Primary Orange Bookshelves 12/09/2025   GAN 970.01 E111 .G224 FIS05117 12/09/2025 12/09/2025 Books